Riikide lipud, mis algavad tähega I - Statistics

General Stats
  • This quiz has been taken 4 times
  • The average score is 7 of 9
Answer Stats
Picture Answer % Correct
India
100%
Iraak
100%
Iraan
100%
Iirimaa
75%
Iisrael
75%
Indoneesia
75%
Itaalia
75%
Ida-Timor
50%
Island
50%
No matching quizzes found
Score Distribution
Percent of People with Each Score
Percentile by Number Answered
Your Score History
You have not taken this quiz